[Event "Panevezys op-A 24th"]
[Site "Panevezys"]
[Date "2011.08.14"]
[Round "7"]
[White "Milasevicius, Jonas"]
[Black "Zanetti, Alberto"]
[Result "0-1"]
[WhiteElo "1952"]
[BlackElo "2183"]
[PlyCount "104"]
[EventDate "2011.08.09"]
[EventType "swiss"]
[EventRounds "9"]
[EventCountry "LTU"]
[SourceTitle "CBM 143 Extra"]
[Source "ChessBase"]
[SourceDate "2011.08.29"]
[SourceVersion "1"]
[SourceVersionDate "2011.08.29"]
[SourceQuality "1"]

1. d4 Nf6 2. Nf3 e6 3. Bg5 b6 4. e3 Bb7 5. Bd3 Be7 6. 0-0 0-0 7. Nbd2 d5 8. c3 Nbd7 9. Qe2 Ne4 10. Bxe7 Qxe7 11. c4 c5 12. cxd5 exd5 13. Ba6 Rab8 14. Rac1 Rfe8 15. Rfd1 c4 16. Bxb7 Rxb7 17. Nb1 b5 18. Nfd2 f5 19. Nxe4 fxe4 20. Nc3 Nf6 21. Re1 Qd7 22. f3 b4 23. Nd1 a5 24. Nf2 a4 25. fxe4 Nxe4 26. Nxe4 Rxe4 27. Qf3 Qe6 28. Rf1 h6 29. Qf8+ Kh7 30. Qf5+ g6 31. Qxe6 Rxe6 32. Kf2 Rbe7 33. Rfe1 g5 34. Re2 Kg6 35. h3 h5 36. Rf1 Rf7+ 37. Ke1 Rxf1+ 38. Kxf1 Rb6 39. Ke1 b3 40. axb3 Rxb3 41. Kd1 Kf5 42. g4+ hxg4 43. hxg4+ Kxg4 44. e4 dxe4 45. Rxe4+ Kf3 46. Re5 g4 47. Rf5+ Ke4 48. Rg5 Kf4 49. Ra5 g3 50. Ra8 g2 51. Rg8 Rxb2 52. Kc1 Rf2 0-1

[Event "Panevezys op-A 24th"]
[Site "Panevezys"]
[Date "2011.08.14"]
[Round "8"]
[White "Zanetti, Alberto"]
[Black "Juknis, Paulius"]
[Result "1/2-1/2"]
[WhiteElo "2183"]
[BlackElo "2140"]
[PlyCount "39"]
[EventDate "2011.08.09"]
[EventType "swiss"]
[EventRounds "9"]
[EventCountry "LTU"]
[SourceTitle "CBM 143 Extra"]
[Source "ChessBase"]
[SourceDate "2011.08.29"]
[SourceVersion "1"]
[SourceVersionDate "2011.08.29"]
[SourceQuality "1"]

1. e4 c5 2. Nf3 g6 3. d4 cxd4 4. Nxd4 Nc6 5. c4 Nf6 6. Nc3 d6 7. Be2 Nxd4 8. Qxd4 Bg7 9. 0-0 0-0 10. Bg5 Be6 11. Qd2 Qa5 12. f3 Rfc8 13. b3 a6 14. Rac1 b5 15. Nd5 Qxd2 16. Bxd2 Nxd5 17. cxd5 Bd4+ 18. Kh1 Bd7 19. Rxc8+ Rxc8 20. Rc1 1/2-1/2

[Event "Milan Crespi op-A 31st"]
[Site "Milan"]
[Date "2010.12.08"]
[Round "5"]
[White "Zanetti, Alberto"]
[Black "Battistella, Stefano"]
[Result "1/2-1/2"]
[WhiteElo "2199"]
[BlackElo "2069"]
[PlyCount "33"]
[EventDate "2010.12.04"]
[EventType "swiss"]
[EventRounds "9"]
[EventCountry "ITA"]
[SourceTitle "CBM 139 Extra"]
[Source "ChessBase"]
[SourceDate "2011.01.05"]
[SourceVersion "1"]
[SourceVersionDate "2011.01.05"]
[SourceQuality "1"]

1. Nf3 d5 2. g3 Nf6 3. Bg2 c6 4. 0-0 Bf5 5. b3 h6 6. Bb2 e6 7. c4 Nbd7 8. d3 Be7 9. Nc3 0-0 10. cxd5 exd5 11. Rc1 Re8 12. Rc2 Nc5 13. Qa1 Ne6 14. Rcc1 a5 15. e4 Nc5 16. Rce1 Qb6 17. e5 1/2-1/2

[Event "Milan Crespi op-A 30th"]
[Site "Milan"]
[Date "2009.12.10"]
[Round "7"]
[White "Damia, Angelo"]
[Black "Zanetti, Alberto"]
[Result "1-0"]
[WhiteElo "2338"]
[BlackElo "2180"]
[PlyCount "65"]
[EventDate "2009.12.05"]
[EventType "swiss"]
[EventRounds "9"]
[EventCountry "ITA"]
[SourceTitle "CBM 133 Extra"]
[Source "ChessBase"]
[SourceDate "2010.01.05"]
[SourceVersion "1"]
[SourceVersionDate "2010.01.05"]
[SourceQuality "1"]

1. d4 g6 2. e4 Bg7 3. Nc3 c6 4. Bc4 b5 5. Bb3 a5 6. a3 e6 7. e5 d5 8. exd6 Qxd6 9. Ne4 Qe7 10. Bg5 f6 11. Bf4 Na6 12. Qf3 Nc7 13. Nd6+ Kd7 14. 0-0-0 Bh6 15. Bxh6 Nxh6 16. Ne4 Nd5 17. Bxd5 cxd5 18. Nxf6+ Kd8 19. Nxd5 Qg5+ 20. Ne3 Ra7 21. h4 Qe7 22. d5 e5 23. d6 Qe6 24. Nh3 Nf5 25. Nxf5 gxf5 26. Qe3 Rb7 27. Ng5 Qf6 28. Rd5 Re8 29. Rhd1 h6 30. Nf3 f4 31. Qc5 e4 32. Ne5 Be6 33. d7 1-0

[Event "Milan Crespi op-A 30th"]
[Site "Milan"]
[Date "2009.12.07"]
[Round "4"]
[White "Zanetti, Alberto"]
[Black "Pienabarca, Nicola"]
[Result "1-0"]
[WhiteElo "2180"]
[BlackElo "2071"]
[PlyCount "113"]
[EventDate "2009.12.05"]
[EventType "swiss"]
[EventRounds "9"]
[EventCountry "ITA"]
[SourceTitle "EXT 2012"]
[Source "ChessBase"]
[SourceDate "2011.11.24"]
[SourceVersion "1"]
[SourceVersionDate "2011.11.24"]
[SourceQuality "1"]

1. f4 d5 2. Nf3 g6 3. e3 Bg7 4. c4 Nf6 5. Nc3 c6 6. Be2 Nbd7 7. 0-0 0-0 8. d4 dxc4 9. Bxc4 c5 10. Qe2 cxd4 11. exd4 Nb6 12. Bb3 Bg4 13. h3 Bxf3 14. Qxf3 a5 15. a3 Ne8 16. f5 Nd6 17. fxg6 hxg6 18. g4 Bxd4+ 19. Kg2 Bg7 20. Bg5 Qc7 21. Rac1 Nbc4 22. Nd5 Qc5 23. Bxc4 Nxc4 24. b3 f6 25. Rxc4 Qxa3 26. Bc1 Qd6 27. Nf4 f5 28. Rd1 fxg4 29. Qxg4 Qb6 30. Qe6+ Qxe6 31. Nxe6 Rf5 32. Nxg7 Kxg7 33. Rc7 Rb5 34. Rxe7+ Kf6 35. Re3 a4 36. bxa4 Rxa4 37. Rd6+ Kf7 38. Rf3+ Kg7 39. Rd7+ Kg8 40. Bh6 Ra8 41. h4 Rb4 42. Kh3 b5 43. Rg7+ Kh8 44. Rxg6 Kh7 45. Rb6 Ra1 46. Bg5 Rh1+ 47. Kg2 Rd1 48. Rbf6 Rbb1 49. Kh3 Rg1 50. Rf7+ Kg8 51. Rb7 Rge1 52. Kg4 Re6 53. Kh5 Rb4 54. Rd3 Re8 55. Rdd7 Rc8 56. Rd6 Rb1 57. Rg6+ 1-0

[Event "Milan Crespi op-A 30th"]
[Site "Milan"]
[Date "2009.12.06"]
[Round "3"]
[White "Brunello, Marina"]
[Black "Zanetti, Alberto"]
[Result "1-0"]
[WhiteElo "2158"]
[BlackElo "2180"]
[PlyCount "129"]
[EventDate "2009.12.05"]
[EventType "swiss"]
[EventRounds "9"]
[EventCountry "ITA"]
[SourceTitle "EXT 2012"]
[Source "ChessBase"]
[SourceDate "2011.11.24"]
[SourceVersion "1"]
[SourceVersionDate "2011.11.24"]
[SourceQuality "1"]

1. e4 c5 2. c3 e6 3. d4 d5 4. e5 Qb6 5. Nf3 Bd7 6. a3 Bb5 7. c4 Bxc4 8. Bxc4 dxc4 9. d5 exd5 10. Qxd5 Ne7 11. Qxc4 Qa6 12. Qe4 Nd7 13. Nbd2 Qc6 14. Qe2 Nf5 15. Nc4 0-0-0 16. 0-0 h6 17. b4 Kb8 18. Na5 Qc7 19. Qe4 g6 20. h3 Ng7 21. Be3 Ne6 22. Rab1 cxb4 23. axb4 Nb6 24. Nd4 Nxd4 25. Bxd4 Bg7 26. Rbc1 Qd7 27. Rfd1 Qd5 28. Qe2 Qe6 29. Qf3 Qd5 30. Bxb6 Qxf3 31. Bc7+ Ka8 32. gxf3 Rxd1+ 33. Rxd1 b6 34. Nb3 Re8 35. f4 f6 36. Re1 Bf8 37. Rc1 fxe5 38. Bxe5 Bxb4 39. Rc7 Re7 40. Rxe7 Bxe7 41. Kf1 Kb7 42. Ke2 Kc6 43. Kd3 Kd5 44. Nd4 Bc5 45. Bg7 a6 46. f3 b5 47. Nb3 Bb6 48. Bxh6 a5 49. Bf8 a4 50. Nc1 Bc5 51. Bxc5 Kxc5 52. h4 Kd5 53. Na2 Ke6 54. Ke4 Kf6 55. f5 gxf5+ 56. Kf4 Ke6 57. h5 Kf6 58. h6 Kg6 59. h7 Kxh7 60. Kxf5 Kg7 61. Ke6 Kf8 62. f4 a3 63. f5 Ke8 64. f6 Kf8 65. f7 1-0

[Event "Milan Crespi op-A 30th"]
[Site "Milan"]
[Date "2009.12.06"]
[Round "2"]
[White "Zanetti, Alberto"]
[Black "Radice, Luca"]
[Result "1-0"]
[WhiteElo "2180"]
[BlackElo "2088"]
[PlyCount "103"]
[EventDate "2009.12.05"]
[EventType "swiss"]
[EventRounds "9"]
[EventCountry "ITA"]
[SourceTitle "EXT 2012"]
[Source "ChessBase"]
[SourceDate "2011.11.24"]
[SourceVersion "1"]
[SourceVersionDate "2011.11.24"]
[SourceQuality "1"]

1. f4 d5 2. Nf3 Nf6 3. e3 Bg4 4. b3 Nbd7 5. Bb2 e6 6. Be2 Bxf3 7. Bxf3 Bd6 8. 0-0 c6 9. c4 Qe7 10. Nc3 dxc4 11. bxc4 e5 12. Qc2 0-0 13. Rae1 Rfe8 14. d4 e4 15. Be2 h5 16. h3 g6 17. a4 Qf8 18. Ra1 Qh6 19. Ba3 Bc7 20. Rab1 b6 21. h4 Ng4 22. Bxg4 hxg4 23. g3 f5 24. Kg2 Nf6 25. a5 Qg7 26. Qa4 Qd7 27. Rfd1 Red8 28. a6 Qe6 29. Rb2 Rd7 30. Rbd2 Rad8 31. Kf2 Kg7 32. Bb2 Kg8 33. Ke2 Nh5 34. Kf2 Nf6 35. Qa2 Qf7 36. Ba3 Kg7 37. Bb2 Kg8 38. Ba1 Bd6 39. d5 cxd5 40. Nxd5 Nxd5 41. Rxd5 Bc5 42. Qb2 Qh7 43. Rxd7 Rxd7 44. Rxd7 Qxd7 45. Qh8+ Kf7 46. Qg7+ Ke8 47. Qxg6+ Kd8 48. Qg8+ Kc7 49. Be5+ Bd6 50. Qd5 Bxe5 51. Qxe5+ Kd8 52. Qd5 1-0

[Event "Corsico 35th"]
[Site "Corsico"]
[Date "2006.10.14"]
[Round "5"]
[White "Buchicchio, Giampaolo"]
[Black "Zanetti, Alberto"]
[Result "1-0"]
[WhiteElo "2289"]
[BlackElo "2180"]
[PlyCount "113"]
[EventDate "2006.10.07"]
[EventType "tourn"]
[EventRounds "7"]
[EventCountry "ITA"]
[SourceTitle "EXT 2024"]
[Source "ChessBase"]
[SourceDate "2023.10.10"]
[SourceVersion "1"]
[SourceVersionDate "2023.10.10"]
[SourceQuality "1"]

1. e4 e6 2. d4 d5 3. Nc3 dxe4 4. Nxe4 Bd7 5. Nf3 Bc6 6. Bd3 Nd7 7. 0-0 Ngf6 8. Ng3 Be7 9. c4 0-0 10. b3 a5 11. Bd2 Bxf3 12. Qxf3 c5 13. Bc3 cxd4 14. Bxd4 Nc5 15. Rad1 Nxd3 16. Rxd3 Qc7 17. Nh5 e5 18. Bc3 e4 19. Nxf6+ Bxf6 20. Qxe4 Rfe8 21. Qf3 Bxc3 22. Rxc3 Rad8 23. Re3 Rxe3 24. Qxe3 b6 25. g3 g6 26. Re1 Qc6 27. Qe7 Rc8 28. Re4 a4 29. Rd4 axb3 30. axb3 Qe8 31. Rd7 Qxe7 32. Rxe7 h5 33. Kg2 Kg7 34. Kf3 Kf6 35. Rb7 Rc6 36. Ke4 Ke6 37. Kd4 f6 38. Kc3 Kf5 39. Kb4 Kg4 40. Kb5 Rc5+ 41. Kxb6 Rf5 42. f4 g5 43. Rg7 Kh3 44. c5 gxf4 45. gxf4 Rxf4 46. c6 Rb4+ 47. Kc5 Rxb3 48. Rg3+ Rxg3 49. hxg3 Kxg3 50. c7 h4 51. c8Q h3 52. Qb8+ Kg2 53. Qb2+ Kg1 54. Qd4+ Kg2 55. Qd2+ Kg1 56. Qd1+ Kg2 57. Qg4+ 1-0

[Event "Moscow Aeroflot op-C"]
[Site "Moscow"]
[Date "2006.02.15"]
[Round "9"]
[White "Noskov, Anatolij"]
[Black "Zanetti, Alberto"]
[Result "1-0"]
[WhiteElo "2232"]
[BlackElo "2180"]
[PlyCount "99"]
[EventDate "2006.02.07"]
[EventType "swiss"]
[EventRounds "9"]
[EventCountry "RUS"]
[SourceTitle "EXT 2007"]
[Source "ChessBase"]
[SourceDate "2006.11.23"]
[SourceVersion "1"]
[SourceVersionDate "2006.11.23"]
[SourceQuality "1"]

1. e4 d5 2. exd5 c6 3. dxc6 Nxc6 4. Nf3 e5 5. d3 f5 6. Nc3 Nf6 7. Be2 Bd6 8. 0-0 0-0 9. Be3 Kh8 10. Nb5 Be7 11. d4 e4 12. Ne5 a6 13. Nc3 Bd6 14. Nxc6 bxc6 15. f4 exf3 16. Bxf3 Rb8 17. b3 Re8 18. Qd3 Bd7 19. Rfe1 Qc7 20. h3 c5 21. d5 a5 22. Bd2 Be5 23. Rad1 Rb4 24. Ne2 c4 25. bxc4 Rxc4 26. Bxa5 Qc5+ 27. Kh1 g5 28. Bb6 Qxb6 29. Qxc4 g4 30. hxg4 fxg4 31. Nd4 gxf3 32. Nxf3 Ng4 33. Rd2 Nf2+ 34. Rxf2 Qxf2 35. Rxe5 Rxe5 36. Qc3 Kg8 37. Qxe5 Qxc2 38. Qg5+ Qg6 39. Qxg6+ hxg6 40. Ne5 Bf5 41. d6 Kf8 42. g4 Be4+ 43. Kg1 g5 44. Kf2 Bd5 45. a4 Ke8 46. Ke3 Be6 47. Kd3 Kd8 48. a5 Kc8 49. a6 Kb8 50. d7 1-0

[Event "Moscow Aeroflot op-C"]
[Site "Moscow"]
[Date "2006.02.10"]
[Round "4"]
[White "Zanetti, Alberto"]
[Black "Kravtsov, Sergey"]
[Result "0-1"]
[WhiteElo "2180"]
[BlackElo "2376"]
[PlyCount "60"]
[EventDate "2006.02.07"]
[EventType "swiss"]
[EventRounds "9"]
[EventCountry "RUS"]
[SourceTitle "EXT 2007"]
[Source "ChessBase"]
[SourceDate "2006.11.23"]
[SourceVersion "1"]
[SourceVersionDate "2006.11.23"]
[SourceQuality "1"]

1. e4 c5 2. d4 cxd4 3. c3 Nf6 4. e5 Nd5 5. Nf3 d6 6. cxd4 Nc6 7. exd6 Qxd6 8. Nc3 Bg4 9. Be2 e6 10. 0-0 Be7 11. Re1 0-0 12. h3 Bf5 13. Bd3 Bxd3 14. Qxd3 Nxc3 15. bxc3 Rfd8 16. Qe4 Rac8 17. Rb1 b6 18. Rb5 Nb8 19. Rh5 g6 20. Bf4 Qc6 21. d5 Qc4 22. Nd4 gxh5 23. dxe6 fxe6 24. Re3 Nc6 25. Rg3+ Kf7 26. Qxh7+ Ke8 27. Rg7 Rxd4 28. cxd4 Kd7 29. Be5 Re8 30. Bf6 Qc1+ 0-1